000 00663nam a2200289Ia 4500
005 20260324141124.0
008 008 260324s9999 xx 000 0 eng d
020 _a9780203304907
037 _aEBOOK
040 _aCRL
040 _beng
040 _cCRL
041 _2eng
041 _aeng
084 _qCRL
100 _aGillian Rhodes
_91206999
245 0 _aSuperportraits
245 0 _bCaricatures and Recognition
260 _bTaylor and Francis
260 _c1997
365 _a
365 _b65.99
856 _uhttp://www.taylorfrancis.com/books/9780203304907
942 _cEBOOK
999 _c1809759
_d1809759